000 00556cam a22002051i 4500
001 he 67000354
003 DLC
005 20260227111444.0
008 861002s1966 is c 000 1 yid
010 _ahe 67000354
035 _a(OCoLC)19304841
040 _aDLC
_cMH
_dCU
_dDLC
042 _apremarc
050 0 0 _aPJ5129.G45
_bO9
100 1 _aGevirtzman, Riwka.
245 1 0 _aOyfn bergl in Negev :
_broman /
_cRivḳe Geṿirtsman.
260 _a[Tel-Aviv] :
_bNay lebn,
_c[1966?]
300 _a392 p. :
_bport. ;
_c23 cm.
752 _aIsrael
_dTel Aviv
999 _c32173
_d32173